| 000 | 01010nam a2200289 a 4500 | ||
|---|---|---|---|
| 001 | 000023916 | ||
| 005 | 20200930022552.0 | ||
| 008 | 110117s1996 mx 000 0 spa d | ||
| 020 | _a9682428394 | ||
| 040 |
_aDO-SdBNP _bspa _cBNPHU |
||
| 041 | 1 | 7 |
_aspa _hfre _2Código de idiomas MARC |
| 082 |
_ann* _bnn* |
||
| 100 | 1 |
_aPiaton, Georges. _949208 |
|
| 240 | 1 | 0 |
_aPestalozzi. _lEspañol |
| 245 | 1 | 0 |
_aPestalozzi / _cGeorges Piaton ; traducción Francisco González Aramburo ; prólogo Eugen Egger. |
| 260 |
_aMéxico, D. F. : _bTrillas, _c1996. |
||
| 300 |
_a110 p. ; _c23 cm. |
||
| 490 | 1 |
_aBiblioteca Grandes Educadores _v2 |
|
| 534 |
_aTítulo de esta obra en francés : _tPestalozzi |
||
| 504 | _aBibliografía : 105-107 p. | ||
| 500 | _aIncluye índice analítico. | ||
| 700 | 1 |
_aEgger, Eugen, _epról. _949209 |
|
| 700 | 1 |
_aGonzález Aramburo, Francisco, _etr. _927068 |
|
| 700 | 1 |
_aGonzález Aramburo, Francisco, _etr. _927068 |
|
| 830 | 0 |
_aBiblioteca Grandes Educadores _v2 _949210 |
|
| 049 | _aBNGR | ||
| 999 |
_c23412 _d23412 |
||